| 000 | 01025 a2200229 4500 | ||
|---|---|---|---|
| 020 | _a0471683736 | ||
| 020 | _a9780471683735 | ||
| 040 |
_aDLC _bDLC |
||
| 082 | _a005.1 | ||
| 100 | 1 | _aWang, Lingfeng. | |
| 245 | 1 | 0 |
_aModern industrial automation software design : principles and real-world applications _bprinciples and real-world applications _cLingfeng Wang, Kay Chen Tan. |
| 260 |
_aPiscataway, N.J. : _bIEEE Press ; _aHoboken, N.J. : _bWiley-Interscience, _cc2006. |
||
| 300 |
_axxix, 313 p. : _bill. ; _c25 cm. |
||
| 650 | 0 |
_aAutomatic control _xComputer programs. |
|
| 650 | 0 |
_aComputer software _xDevelopment. |
|
| 650 | 0 | _aAutomation. | |
| 700 | 1 | _aTan, Kay Chen. | |
| 856 | 4 | 2 |
_3Contributor biographical information _uhttp://www.loc.gov/catdir/enhancements/fy0644/2006297750-b.html |
| 856 | 4 | 2 |
_3Publisher description _uhttp://www.loc.gov/catdir/enhancements/fy0644/2006297750-d.html |
| 856 | 4 | 2 |
_3Table of contents only _uhttp://www.loc.gov/catdir/enhancements/fy0902/2006297750-t.html |
| 942 |
_cBK _k005.1 WAN _2ddc |
||
| 999 |
_c5855 _d5855 |
||